Štúdium elastických vlastností papiera

Na minha lista:
Detalhes bibliográficos
Autor principal: Holubová, Alena (Author)
Outros Autores: Skotnicová, Ida (Thesis advisor)
Formato: Manuscrito Livro
Idioma:eslovaco
Publicado em: 2024
Assuntos:
Acesso em linha:http://is.stuba.sk/zp/portal_zp.pl?podrobnosti=186854
Tags: Adicionar Tag
Sem tags, seja o primeiro a adicionar uma tag!

MARC

LEADER 00000ntm a22000003a 4500
001 stuzp99288
003 SK-STU
005 20240622210822.1
007 ta
008 150427s2015----xo-----f-mn---000-0-slo-d
040 |a STU  |b slo 
041 0 |a slo 
100 1 |a Holubová, Alena  |u 049380  |4 aut  |U FCHPT Ústav prírodných a syntetických polymérov  |T FCHPT Oddelenie dreva, celulózy a papiera  |X 104709  |U C9380  |Y 129  |7 104709 
242 0 1 |a Study of the elastic properties of paper  |y eng 
245 1 0 |a Štúdium elastických vlastností papiera 
260 |c 2024 
650 4 |a papier  |2 slo 
650 4 |a elastické vlastnosti  |2 slo 
650 4 |a obalové materiály  |2 slo 
650 4 |a relatívne predĺženie  |2 slo 
650 4 |a relative elongation  |2 eng 
650 4 |a paper  |2 eng 
650 4 |a elastic properties  |2 eng 
650 4 |a packaging materials  |2 eng 
700 1 |a Skotnicová, Ida  |u 049380  |k Z2  |4 ths  |U FCHPT Ústav prírodných a syntetických polymérov  |T FCHPT Oddelenie dreva, celulózy a papiera  |X 107041  |U C9380  |Y 129  |7 107041 
856 4 |u http://is.stuba.sk/zp/portal_zp.pl?podrobnosti=186854